-
Hughes, Bob and mike cotterell
Entry Personal Name
Number of records used in: 1
001 - CONTROL NUMBER
003 - CONTROL NUMBER IDENTIFIER
005 - DATE AND TIME OF LATEST TRANSACTION
- control field:
20180205163519.0
008 - FIXED-LENGTH DATA ELEMENTS
- fixed length control field:
180205|| aca||aabn | a|a d
040 ## - CATALOGING SOURCE
- Original cataloging agency:
OSt
- Transcribing agency:
OSt
100 ## - HEADING--PERSONAL NAME
- Personal name:
Hughes, Bob and mike cotterell
670 ## - SOURCE DATA FOUND
- Source citation:
Work cat.: (OSt)276: Hughes, Bob and mike cotterell, Software Project Management, 2004